| 000 | 00618nam a2200217Ia 4500 | ||
|---|---|---|---|
| 005 | 20241129111208.0 | ||
| 008 | 241129s9999||||xx |||||||||||||| ||und|| | ||
| 020 | _a978-1-350-15536-7 | ||
| 037 | _aTB | ||
| 040 |
_aCRL _beng _cCRL |
||
| 041 |
_aeng _2eng |
||
| 084 |
_aV687 R0 _qCRL |
||
| 100 |
_aLonsdale John Ed. _9143804 |
||
| 245 | 0 |
_aColonial Kenya observed: british rule, mau mau and the wind of change _cLonsdale John Ed. |
|
| 260 |
_aLondon, UK _bBloomsbury _c2020 |
||
| 300 | _axlii,358p. | ||
| 365 |
_aUKP _b31.99 |
||
| 650 | _a History | ||
| 942 |
_cTB _hV687 R0 |
||
| 999 |
_c1229339 _d1229339 |
||